LEADER 00895nam a22002411i 4500 001 991001193629707536 005 20031021104333.0 008 040407s1982 xxu|||||||||||||||||eng 020 $a0151571384 035 $ab12733131-39ule_inst 035 $aARCHE-071277$9ExL 040 $aDip.to Scienze Storiche$bita$cA.t.i. Arché s.c.r.l. Pandora Sicilia s.r.l. 082 04$a974.7100 100 1 $aHowe, Irving$0127610 245 12$aA margin of hope :$ban intellectual autobiography /$cIrving Howe 260 $aSan Diego :$bHarcourt Brace Jovanovich,$cc1982 300 $aX, 352 p. ;$c25 cm 907 $a.b12733131$b02-04-14$c16-04-04 912 $a991001193629707536 945 $aLE009 STOR.898-197$g1$i2009000376564$lle009$o-$pE0.00$q-$rl$s- $t0$u0$v0$w0$x0$y.i13267644$z16-04-04 996 $aMargin of hope$9268449 997 $aUNISALENTO 998 $ale009$b16-04-04$cm$da $e-$feng$gxxu$h2$i1